000 01153nam0a2200337 4500
001 RU\NLR\bibl\1741632
005 20250616113107.0
010 _a978-5-486-03238-7
_97000
021 _aRU
_b2011-8405
_9595
035 _a(NLR Aleph) 001732542
090 _a1408705
_c1408705
100 _a20110302d2010 |||y0rusy50 ca
101 1 _arus
_cfre
102 _aRU
105 _aa |||||||||
200 1 _aВяжем для малышей
_dTricot bébé
_eкофточки, шапочки, пинетки, игрушки
_fШ. Рион
_g[пер. с фр. И.Ю. Наумовой]
_zfre
210 _aМосква
_cМир книги
_d2010
215 _a95 с.
_cил., цв. ил.
_d21
510 0 _aTricot bébé
_zfre
606 1 _aДетская одежда
_xВязание ручное
_92160773
_3RU\NLR\auth\661300410
606 1 _aИгрушки вязаные
_92210595
_3RU\NLR\auth\661327943
686 _aМ743
686 _aМ483
700 1 _aРион
_bШ.
_gШарлотта
_4070
801 0 _aRU
_bNLR
_c20110302
_gRCR
801 1 _aRU
_bNLR
_c20110302
942 _cBOOK
980 _aNB
980 _aNBR